000 01318nam a2200337Ia 4500
001 ebr10409681
003 CaPaEBR
006 m u
007 cr cn|||||||||
008 900807s1991 wiua sb 001 0 eng d
010 _z 90045491
020 _z9780299127640
020 _z0299127605
040 _aCaPaEBR
_cCaPaEBR
035 _a(OCoLC)44961647
050 1 4 _aQH81
_b.L557 1991eb
100 1 _aLeopold, Aldo,
_d1886-1948.
245 1 4 _aThe river of the mother of God and other essays
_h[electronic resource] /
_cby Aldo Leopold; edited by Susan L. Flader and J. Baird Callicott.
260 _aMadison, WI :
_bUniversity of Wisconsin Press,
_cc1991.
300 _axv, 384 p. :
_bill.
500 _aIncludes index.
504 _a"Publications of Aldo Leopold": p. 349-370.
533 _aElectronic reproduction.
_bPalo Alto, Calif. :
_cebrary,
_d2010.
_nAvailable via World Wide Web.
_nAccess may be limited to ebrary affiliated libraries.
650 0 _aNature conservation.
650 0 _aNatural history
_vOutdoor books.
655 7 _aElectronic books.
_2local
700 1 _aFlader, Susan.
700 1 _aCallicott, J. Baird.
710 2 _aebrary, Inc.
856 4 0 _uhttp://site.ebrary.com/lib/rucke/Doc?id=10409681
_zAn electronic book accessible through the World Wide Web; click to view
999 _c80670
_d80670